Statistics for Countries Bordering the Balkans

Click here to take the quiz!

General Stats

  • This quiz has been taken 155 times
  • The average score is 5 of 5

Answer Stats

Country% Correct
Hungary
96%
Italy
96%
Austria
90%
Ukraine
89%
Moldova
88%

Score Distribution

Percentile by Number Answered

Percent of People with Each Score

Your Score History

You have not taken this quiz